00778nam a22002297a 450000500170000001000130001702000100003003500130004003700160005304000120006908200160008124500680009726000490016527000490021430000230026365000360028665000210032270000250034394200250036899900190039395201360041220170124110041.0 aA-240935 c00.00 aA-240935 bCen Lib/Ret aDPLbEN a883.08bMAJ aMajor Indian novels :cEdited by N. S. Pradhanban evaluation / aNew DelhibArnold-Heinemann Publishersc1985 aA B/9, Safdarjang EnclavebNew Delhie110029 axi,266p.c17cm(Hb) aIndic fiction (English)9112413 aLiterature96262 aPradhan, N. S923693 2ddccENh883.08mMAJ c128532d128532 00104070aLbLd2015-07-02eCen Lib/Ret g0.00l1o883.08 MAJpA-240935r2019-12-15 00:00:00s2019-06-24t1v0.00w2015-07-02yEN